<?xml version="1.0" encoding="UTF-8"?>
<record
    xmlns:xsi="http://www.w3.org/2001/XMLSchema-instance"
    xsi:schemaLocation="http://www.loc.gov/MARC21/slim http://www.loc.gov/standards/marcxml/schema/MARC21slim.xsd"
    xmlns="http://www.loc.gov/MARC21/slim">

  <leader>01719ncm0a2200361   4500</leader>
  <controlfield tag="001">RU\NLR\ONIZ\224833</controlfield>
  <controlfield tag="005">20250626151327.0</controlfield>
  <datafield tag="010" ind1=" " ind2=" ">
    <subfield code="a">978-5-8128-0078-9</subfield>
  </datafield>
  <datafield tag="035" ind1=" " ind2=" ">
    <subfield code="a">RU\NLR\ONIZ\GALA\5000034059\20190118122903</subfield>
  </datafield>
  <datafield tag="035" ind1=" " ind2=" ">
    <subfield code="a">(NLR Aleph) 011915587</subfield>
  </datafield>
  <datafield tag="090" ind1=" " ind2=" ">
    <subfield code="a">10961300</subfield>
    <subfield code="c">10961300</subfield>
  </datafield>
  <datafield tag="100" ind1=" " ind2=" ">
    <subfield code="a">20190118d2007    |||y0rusy50      ca</subfield>
  </datafield>
  <datafield tag="101" ind1="0" ind2=" ">
    <subfield code="a">rus</subfield>
  </datafield>
  <datafield tag="102" ind1=" " ind2=" ">
    <subfield code="a">RU</subfield>
  </datafield>
  <datafield tag="125" ind1=" " ind2=" ">
    <subfield code="a">ax</subfield>
  </datafield>
  <datafield tag="200" ind1="1" ind2=" ">
    <subfield code="a">&#x414;&#x430;&#x432;&#x430;&#x439; &#x43F;&#x43E;&#x438;&#x433;&#x440;&#x430;&#x435;&#x43C;!</subfield>
    <subfield code="b">&#x41D;&#x43E;&#x442;&#x44B;</subfield>
    <subfield code="e">&#x43A;&#x430;&#x43A; &#x43F;&#x43E;&#x434;&#x433;&#x43E;&#x442;&#x43E;&#x432;&#x438;&#x442;&#x44C; &#x440;&#x435;&#x431;&#x451;&#x43D;&#x43A;&#x430; &#x43A; &#x43E;&#x431;&#x443;&#x447;&#x435;&#x43D;&#x438;&#x44E; &#x432; &#x43C;&#x443;&#x437;&#x44B;&#x43A;&#x430;&#x43B;&#x44C;&#x43D;&#x43E;&#x439; &#x448;&#x43A;&#x43E;&#x43B;</subfield>
    <subfield code="e">&#x440;&#x430;&#x437;&#x432;&#x438;&#x442;&#x438;&#x435; &#x43C;&#x443;&#x437;&#x44B;&#x43A;&#x430;&#x43B;&#x44C;&#x43D;&#x44B;&#x445; &#x441;&#x43F;&#x43E;&#x441;&#x43E;&#x431;&#x43D;&#x43E;&#x441;&#x442;&#x435;&#x439; &#x443; &#x434;&#x435;&#x442;&#x435;&#x439; 4-6 &#x43B;&#x435;&#x442;</subfield>
    <subfield code="e">&#x434;&#x43B;&#x44F; &#x43F;&#x440;&#x435;&#x43F;&#x43E;&#x434;&#x430;&#x432;&#x430;&#x442;&#x435;&#x43B;&#x435;&#x439; &#x414;&#x41C;&#x428;</subfield>
    <subfield code="f">&#x421;. &#x410;. &#x42F;&#x43D;&#x435;&#x432;&#x438;&#x447;</subfield>
    <subfield code="g">&#x43E;&#x444;&#x43E;&#x440;&#x43C;. &#x410;. &#x412;&#x435;&#x441;&#x435;&#x43B;&#x43E;&#x432;&#x430;</subfield>
  </datafield>
  <datafield tag="210" ind1=" " ind2=" ">
    <subfield code="a">&#x421;&#x430;&#x43D;&#x43A;&#x442;-&#x41F;&#x435;&#x442;&#x435;&#x440;&#x431;&#x443;&#x440;&#x433;</subfield>
    <subfield code="c">&#x421;&#x43E;&#x44E;&#x437; &#x445;&#x443;&#x434;&#x43E;&#x436;&#x43D;&#x438;&#x43A;&#x43E;&#x432;</subfield>
    <subfield code="d">2007</subfield>
  </datafield>
  <datafield tag="215" ind1=" " ind2=" ">
    <subfield code="a">28 &#x441;.</subfield>
    <subfield code="c">&#x438;&#x43B;.</subfield>
    <subfield code="d">29 &#x441;&#x43C;</subfield>
  </datafield>
  <datafield tag="606" ind1="1" ind2=" ">
    <subfield code="a">&#x41F;&#x43E;&#x441;&#x43E;&#x431;&#x438;&#x44F; &#x434;&#x43B;&#x44F; &#x440;&#x430;&#x437;&#x432;&#x438;&#x442;&#x438;&#x44F; &#x43C;&#x443;&#x437;&#x44B;&#x43A;&#x430;&#x43B;&#x44C;&#x43D;&#x44B;&#x445; &#x441;&#x43F;&#x43E;&#x441;&#x43E;&#x431;&#x43D;&#x43E;&#x441;&#x442;&#x435;&#x439; &#x443; &#x434;&#x435;&#x442;&#x435;&#x439; &#x434;&#x43E;&#x448;&#x43A;&#x43E;&#x43B;&#x44C;&#x43D;&#x43E;&#x433;&#x43E; &#x432;&#x43E;&#x437;&#x440;&#x430;&#x441;&#x442;&#x430;</subfield>
    <subfield code="2">nlr_sh</subfield>
  </datafield>
  <datafield tag="686" ind1=" " ind2=" ">
    <subfield code="a">&#x429;98&#x44F;70</subfield>
    <subfield code="v">LBC/SL</subfield>
    <subfield code="2">rubbk</subfield>
  </datafield>
  <datafield tag="686" ind1=" " ind2=" ">
    <subfield code="a">&#x429;907(2&#x420;=&#x420;)</subfield>
    <subfield code="v">LBC/SL</subfield>
    <subfield code="2">rubbk</subfield>
  </datafield>
  <datafield tag="700" ind1=" " ind2="1">
    <subfield code="9">z01790</subfield>
    <subfield code="a">&#x42F;&#x43D;&#x435;&#x432;&#x438;&#x447;</subfield>
    <subfield code="b">&#x421;. &#x410;.</subfield>
    <subfield code="g">&#x421;&#x432;&#x435;&#x442;&#x43B;&#x430;&#x43D;&#x430; &#x410;&#x43B;&#x435;&#x43A;&#x441;&#x430;&#x43D;&#x434;&#x440;&#x43E;&#x432;&#x43D;&#x430;</subfield>
    <subfield code="4">070</subfield>
    <subfield code="7">ca</subfield>
  </datafield>
  <datafield tag="702" ind1=" " ind2="1">
    <subfield code="9">z02790</subfield>
    <subfield code="a">&#x412;&#x435;&#x441;&#x435;&#x43B;&#x43E;&#x432;</subfield>
    <subfield code="b">&#x410;. &#x412;.</subfield>
    <subfield code="c">&#x445;&#x443;&#x434;&#x43E;&#x436;&#x43D;&#x438;&#x43A;-&#x43E;&#x444;&#x43E;&#x440;&#x43C;&#x438;&#x442;&#x435;&#x43B;&#x44C;</subfield>
    <subfield code="g">&#x410;&#x43B;&#x435;&#x43A;&#x441;&#x430;&#x43D;&#x434;&#x440; &#x412;&#x43B;&#x430;&#x434;&#x438;&#x43C;&#x438;&#x440;&#x43E;&#x432;&#x438;&#x447;</subfield>
    <subfield code="4">040</subfield>
    <subfield code="7">ca</subfield>
  </datafield>
  <datafield tag="790" ind1=" " ind2="1">
    <subfield code="9">z01700</subfield>
    <subfield code="a">Janevi&#x10D;</subfield>
    <subfield code="b">S. A.</subfield>
    <subfield code="g">Svetlana Aleksandrovna</subfield>
    <subfield code="4">070</subfield>
    <subfield code="7">ba</subfield>
  </datafield>
  <datafield tag="790" ind1=" " ind2="1">
    <subfield code="9">z02702</subfield>
    <subfield code="a">Veselov</subfield>
    <subfield code="b">A. V.</subfield>
    <subfield code="g">Aleksandr Vladimirovi&#x10D;</subfield>
    <subfield code="4">040</subfield>
    <subfield code="7">ba</subfield>
  </datafield>
  <datafield tag="801" ind1=" " ind2="0">
    <subfield code="a">RU</subfield>
    <subfield code="b">NLR</subfield>
    <subfield code="c">20190118</subfield>
    <subfield code="g">PSBO</subfield>
  </datafield>
  <datafield tag="801" ind1=" " ind2="1">
    <subfield code="a">RU</subfield>
    <subfield code="b">NLR</subfield>
    <subfield code="c">20190118</subfield>
    <subfield code="2">rusmarc</subfield>
  </datafield>
  <datafield tag="801" ind1=" " ind2="2">
    <subfield code="a">RU</subfield>
    <subfield code="b">NLR</subfield>
    <subfield code="c">20191228</subfield>
  </datafield>
  <datafield tag="852" ind1=" " ind2=" ">
    <subfield code="a">NLR</subfield>
    <subfield code="b">&#x41C;</subfield>
    <subfield code="j">&#x41A;-3/29686</subfield>
    <subfield code="p">267839</subfield>
    <subfield code="t">1</subfield>
  </datafield>
  <datafield tag="942" ind1=" " ind2=" ">
    <subfield code="c">SCORE</subfield>
  </datafield>
  <datafield tag="980" ind1=" " ind2=" ">
    <subfield code="a">NB</subfield>
  </datafield>
  <datafield tag="980" ind1=" " ind2=" ">
    <subfield code="a">ONIZ</subfield>
  </datafield>
  <datafield tag="995" ind1=" " ind2=" ">
    <subfield code="5">2019-01-18</subfield>
    <subfield code="b">NLR01</subfield>
    <subfield code="c">NLR01</subfield>
    <subfield code="e">ONIZ</subfield>
    <subfield code="k">&#x41A;-3/29686 &#x41A;-3/29686</subfield>
    <subfield code="o">0</subfield>
    <subfield code="r">SCORE</subfield>
    <subfield code="s">329686_329686</subfield>
  </datafield>
</record>
